Transistor circuit design (Record no. 23504)

000 -LEADER
fixed length control field 00584nam a22002171 4500
001 - CONTROL NUMBER
control field 23504
003 - CONTROL NUMBER IDENTIFIER
control field BD-DhUET
008 - FIXED-LENGTH DATA ELEMENTS--GENERAL INFORMATION
fixed length control field 721219s1963 nyua b 000 0 eng
040 ## - CATALOGING SOURCE
Original cataloging agency DLC
Transcribing agency DLC
Modifying agency BD-DhUET
082 ## - DEWEY DECIMAL CLASSIFICATION NUMBER
Classification number 623.8151
Item number TEX/1963
110 ## - MAIN ENTRY--CORPORATE NAME
Corporate name or jurisdiction name as entry element Texas Instruments Incorporated
245 10 - TITLE STATEMENT
Title Transistor circuit design
250 ## - EDITION STATEMENT
Edition statement 1st ed.
260 ## - PUBLICATION, DISTRIBUTION, ETC. (IMPRINT)
Place of publication, distribution, etc. New York
Name of publisher, distributor, etc. McGraw-Hill
Date of publication, distribution, etc. 1963
300 ## - PHYSICAL DESCRIPTION
Extent xi, 523 p.
Other physical details ill.
Dimensions 26 cm.
504 ## - BIBLIOGRAPHY, ETC. NOTE
Bibliography, etc Includes bibliographies
650 #0 - SUBJECT ADDED ENTRY--TOPICAL TERM
Topical term or geographic name as entry element Transistor : Electronics
700 ## - ADDED ENTRY--PERSONAL NAME
Personal name Walston, Joseph A.
700 ## - ADDED ENTRY--PERSONAL NAME
Personal name Miller, John R.
942 ## - ADDED ENTRY ELEMENTS (KOHA)
Koha item type Corporate Publication
Holdings
Not for loan Koha normalized classification for sorting Lost status Damaged status Withdrawn status Koha item type Piece designation (barcode) Copy number Koha date last seen Koha full call number Sublocation or collection (holding branch) Source of classification or shelving scheme Price effective from Location (home branch) Shelving location Date acquired
 623_815100000000000_TEX_1963   Corporate Publication3061012015-05-04623.8151/TEX/1963 Central Library, BUET 2015-05-04Central Library, BUETCirculation section2015-05-04
 623_815100000000000_TEX_1963   Corporate Publication3060722015-05-04623.8151/TEX/1963Central Library, BUET 2015-05-04Central Library, BUETCirculation section2015-05-04
 623_815100000000000_TEX_1963   Corporate Publication3061232015-05-04623.8151/TEX/1963 Central Library, BUET 2015-05-04Central Library, BUETCirculation section2015-05-04
 623_815100000000000_TEX_1963   Corporate Publication3061342015-05-04623.8151/TEX/1963Central Library, BUET 2015-05-04Central Library, BUETCirculation section2015-05-04
 623_815100000000000_TEX_1963   Corporate Publication2668752015-05-04623.8151/TEX/1963 Central Library, BUET 2015-05-04Central Library, BUETCirculation section2015-05-04
 623_815100000000000_TEX_1963   Corporate Publication3060862015-05-07623.8151/TEX/1963Central Library, BUET 2015-05-07Central Library, BUETCirculation section2015-05-07
 623_815100000000000_TEX_1963   Corporate Publication3060672015-05-07623.8151/TEX/1963Central Library, BUET 2015-05-07Central Library, BUETCirculation section2015-05-07
 623_815100000000000_TEX_1963   Corporate Publication3060982015-05-07623.8151/TEX/1963Central Library, BUET 2015-05-07Central Library, BUETCirculation section2015-05-07
 623_815100000000000_TEX_1963   Corporate Publication3060492015-06-25623.8151/TEX/1963Central Library, BUET 2015-06-25Central Library, BUETReading section2015-06-25
 623_815100000000000_TEX_1963   Corporate Publication9968102015-06-25623.8151/TEX/1963Central Library, BUET 2015-06-25Central Library, BUETReading section2015-06-25
 623_815100000000000_TEX_1963   Corporate Publication30605112015-06-25623.8151/TEX/1963Central Library, BUET 2015-06-25Central Library, BUETReading section2015-06-25